LEADER 00958nam a2200241 u 4500 001 000000049148 003 CaOOAMICUS 005 20110324134827.0 008 000619s1978 it u000 u ita u 035 $a10850360 040 $aPUL$bita 100 1 $aBianchi, Enzo,$d1943-$0(OLS)http://pul/name/26766 245 10$aChe cos'è e quando si rompe la comunione ecclesiale? /$cEnzo Bianchi. 260 $a[Bari :$bDedalo,$c1978] 300 $aP. 57-[68] ;$c22 cm 500 $aIn Bozze 78, anno 1, n.1, gennaio 1978. 650 4$aChiesa$xUnità.$0(OLS)http://pul/subject/2342 850 $aPUL 852 $aPUL$W1$xDP1 Fondo Maccarrone$y58$m1514 D 21$j65353$nBK-PRI$b $qFondi$B65353$CPULBib$Z2$F65353 $H $81 941 1 $a1 961 $aINV: 3329.F.Maccarrone 996 $6245$aChe cos'è e quando si rompe la comunione ecclesiale?$9(OLS)http://pul/title/66269 996 $6260$a[Bari :$bDedalo$9(OLS)http://pul/publisher/67248 LEADER 01278nam a2200289 u 4500 001 000000052672 003 CaOOAMICUS 005 20080220140403.0 008 001023s1945 it u000 u ita u 035 $a10859128 040 $aPUL(R)$bita 041 0 $aita$alat 100 1 $aHoratius Flaccus, Quintus,$d65-8 a.C.$0(OLS)http://pul/name/8724 240 10$aOpere$9(Horatius Flaccus, Quintus, 65-8 a.C.).$lItaliano$1Gruppi, scelte.$0(OLS)http://pul/title/70626 245 10$aLiriche /$ccommento e note di Vincenzo Ussani. 260 $aTorino :$bChiantore,$c1945- 300 $a2 v. ;$c19 cm 500 $aTesto latino con commento italiano. 700 1 $aUssani, Vincenzo,$d1870-1952.$0(OLS)http://pul/name/4895 850 $aPUL 852 $aPUL$W1$xDP1 Fondo Ciprotti$y59$m1547 E 15-16$j69607$nBK-PRI$b $qFondi$B69607$CPULBib$Z2$F69607 $H $81 852 $aPUL$W1$xDP1 Fondo Ciprotti$y59$m1547 E 15-16$j69607$nBK-PRI$b $qFondi$B69608$CPULBib$Z2$F69608 $H $81 900 $aOrazio,$d65-8 a.C.$98724 900 $aFlaccus, Quintus Horatius,$d65-8 a.C.$98724 941 1 $a1 996 $6245$aLiriche$9(OLS)http://pul/title/112213 996 $6260$aTorino :$bChiantore$9(OLS)http://pul/publisher/48617